00607nam a2200169Ia 4500008004100000100003100041245008800072245004800160260005900208260000900267300001000276650001800286650001500304856002600319999001900345952007300364170221s9999 xx 000 0 und d aSeçil Deren Van Het Hof. aInstrumental, Strategic and Political Conception of Corporate Social Responsibility cSeçil Deren Van Het Hof , Sibel Hoştut. bOnline Journal of Communication and Media Technologies c2017 a7 : 1 xCommunication xMedia Arts uhttp://www.ojcmt.net/ c306717d306717 001040aCLbCLd2017-02-21l0r2017-02-21 00:00:00w2017-02-21yFOJ